NUST Journal of Social Sciences and Humanities / (Record no. 527819)

000 -LEADER
fixed length control field 00316nam a22001217a 4500
022 ## - INTERNATIONAL STANDARD SERIAL NUMBER
International Standard Serial Number 2520-503X, e:2523-0026
082 ## - DEWEY DECIMAL CLASSIFICATION NUMBER
Classification number 330
100 ## - MAIN ENTRY--PERSONAL NAME
Personal name Ashfaque Hasan Khan.
245 ## - TITLE STATEMENT
Title NUST Journal of Social Sciences and Humanities /
Statement of responsibility, etc NJSSH
260 ## - PUBLICATION, DISTRIBUTION, ETC. (IMPRINT)
Place of publication, distribution, etc Islamabad:
Name of publisher, distributor, etc S3H - NUST,
300 ## - PHYSICAL DESCRIPTION
Dimensions 24cm.
942 ## - ADDED ENTRY ELEMENTS (KOHA)
Koha item type Continuing Resources
Holdings
Damaged status Not for loan Permanent Location Current Location Date acquired Full call number Barcode Koha item type
    Central Library (CL) Central Library (CL) 08/09/2019 330 S-2036 Continuing Resources
    Central Library (CL) Central Library (CL) 08/17/2019 330 S-952 Continuing Resources
    Central Library (CL) Central Library (CL) 11/20/2019 Vol-5, No-1 (Jan - Jun) 2019 S-8082 Continuing Resources
    Central Library (CL) Central Library (CL) 11/20/2019 Vol-4, No-1 (Jan - Jun) 2018 S3HS-846 Continuing Resources
© 2023 Central Library, National University of Sciences and Technology. All Rights Reserved.